期刊信息 |
| 索取号 |
C5/QLXK
|
| 题名 |
齐鲁学刊
|
| 作者 |
曲阜师范学院
|
| 分册号 |
|
| 分册名 |
|
| 出版地 |
|
| 出版者 |
曲阜师范学院齐鲁学刊编辑部
|
| 标准刊号 |
|
| 出版频率 |
月刊
|
| 中图法分类 |
C5
|
| 主题词 |
社会科学 丛书; 社会科学 文集; 社会科学 连续出版物
|
| 电子资源 | |
| |
|
| 000 | 00533nas0 2200193 45 | |
| 001 | 0763953927 | |
| 005 | 2007091717455392 | |
| 100 | @a20070917d km y0chiy0120 ea | |
| 101 | 0 | @achi |
| 200 | 1 | @a齐鲁学刊@AQi Lu Xue Kan@f曲阜师范学院@FQu Fu Shi Fan Xue Yuan |
| 210 | @c曲阜师范学院齐鲁学刊编辑部 | |
| 326 | @a月刊 | |
| 606 | 0 | @a社会科学@x丛书 |
| 606 | 0 | @a社会科学@x文集 |
| 606 | 0 | @a社会科学@x连续出版物 |
| 690 | @aC5@v4 | |
| 701 | 0 | @a阜师范学院@AFu Shi Fan Xue Yuan@4曲 |
| 801 | 0 | @aCN@bPFT@c20070917 |
| 905 | @a213230@dC5@eQLXK | |
| 齐鲁学刊/曲阜师范学院.-曲阜师范学院齐鲁学刊编辑部 |
| ● |
| 相关链接: |
|
|
|
|